RICS Valuation Global Standards 2017 Simplified Chinese Translation (Record no. 116300)
[ view plain ]
| 000 -LEADER | |
|---|---|
| fixed length control field | 00855cam a22002295a 4500 |
| 001 - CONTROL NUMBER | |
| control field | L160257 |
| 008 - FIXED-LENGTH DATA ELEMENTS--GENERAL INFORMATION | |
| fixed length control field | 190607s2019 xxk f 000 0 eng d |
| 020 ## - INTERNATIONAL STANDARD BOOK NUMBER | |
| International Standard Book Number | 9781783213153 |
| 035 ## - SYSTEM CONTROL NUMBER | |
| System control number | (Sirsi) u160257 |
| 041 0# - LANGUAGE CODE | |
| Language code of text/sound track or separate title | eng |
| 110 2# - MAIN ENTRY--CORPORATE NAME | |
| Corporate name or jurisdiction name as entry element | Royal Institution of Chartered Surveyors |
| 9 (RLIN) | 4900 |
| 245 00 - TITLE STATEMENT | |
| Title | RICS Valuation Global Standards 2017 Simplified Chinese Translation |
| Remainder of title | Peoples' Republic of China |
| Medium | [electronic resource] |
| 246 ## - VARYING FORM OF TITLE | |
| Title proper/short title | 评估——全球标准 |
| 260 ## - PUBLICATION, DISTRIBUTION, ETC. | |
| Place of publication, distribution, etc. | London, |
| Name of publisher, distributor, etc. | RICS, |
| Date of publication, distribution, etc. | 2017 |
| 490 #0 - SERIES STATEMENT | |
| Series statement | RICS Red Book |
| 650 24 - SUBJECT ADDED ENTRY--TOPICAL TERM | |
| Topical term or geographic name entry element | RED BOOK |
| 650 24 - SUBJECT ADDED ENTRY--TOPICAL TERM | |
| Topical term or geographic name entry element | GLOBAL VALUATION STANDARDS 2017 |
| 651 #4 - SUBJECT ADDED ENTRY--GEOGRAPHIC NAME | |
| Geographic name | China |
| 690 ## - LOCAL SUBJECT ADDED ENTRY--TOPICAL TERM (OCLC, RLIN) | |
| Topical term or geographic name as entry element | Valuation |
| 9 (RLIN) | 6273 |
| 856 40 - ELECTRONIC LOCATION AND ACCESS | |
| Uniform Resource Identifier | <a href="https://www.rics.org/content/dam/ricsglobal/documents/standards/RICS%20Valuation%20-%20Red%20Book%202017%20-%20Simplified%20Chinese%20translation.pdf">https://www.rics.org/content/dam/ricsglobal/documents/standards/RICS%20Valuation%20-%20Red%20Book%202017%20-%20Simplified%20Chinese%20translation.pdf</a> |
| Public note | View on RICS.org |
| 942 ## - ADDED ENTRY ELEMENTS (KOHA) | |
| Suppress in OPAC | 0 |
| Source of classification or shelving scheme | Dewey Decimal Classification |
| Withdrawn status | Lost status | Source of classification or shelving scheme | Damaged status | Not for loan | Home library | Current library | Shelving location | Date acquired | Total Checkouts | Full call number | Barcode | Date last seen | Copy number | Price effective from | Koha item type |
|---|---|---|---|---|---|---|---|---|---|---|---|---|---|---|---|
| Dewey Decimal Classification | Virtual | Virtual | Online | 07/06/2019 | ONLINE PUBLICATION | 160257-2001 | 26/05/2023 | 1 | 06/08/2019 | Book |